000 00435cam a2200169ua 4500
020 _cRs 25.00
041 _aeng
_h
082 _a828.09
_bJAM/FI
100 _aJames-Scott, R A .
245 _aFifty years of English literature: 1900-1950 /
_cR A James-Scott.
_hTextual Documents
260 _aLondon :
_bLongman ,
_c1967.
300 _a282 ; .
365 _aRs 25.00
504 _a
942 _cBK
999 _c3921
_d3921